00392 2200157 4500245003900000020002200039250001000061100001200071700002400083005001900107260005700126041001400183084001000197300001800207336000900225 aLegenda Orang SakticSuwandahText a978-602-6477-51-4 aCet.1 aSuwanda aDeborah Amadis Nawa a20240926094002 aJakartabKementerian Pendidikan dan Kebudayaanc2019 aIndonesia a741.5 a47 hlm :cpdf atext